000 01272nam a2200325 a 4500
001 000113468
003 CHAP
005 20220329144355.0
008 170629s2016 mx sm |||||||spa d
010 _a109929
011 _a110901
040 _cCHAP
090 _aTesis
100 1 _aIgnacio Alvarez, Claudia
_9132761
245 1 0 _aPropiedad social y representaciones del territorio:
_h[En línea]
_bla Comunidad de San Andrés Tziróndaro /
_cpor Claudia Ignacio Alvarez.
260 _aMorelia, Méx. :
_bEl autor,
_c2016.
500 _aPara ver el contenido del material haga clic en la liga
502 _aTesis (M.C. del Desarrollo Rural Regional) -- UACH. Dirección de Centros Regionales Universitarios
590 _aBATCH-UPD
_b05
_c20170629
_lUCH01
_h0856
590 _aE5765TAJ
_b05
_c20170629
_lUCH01
_h0855
590 _aE5765TAJ
_b05
_c20170629
_lUCH01
_h0856
650 1 4 _aDesarrollo de la comunidad rural
_xMichoacán.
_932015
650 1 4 _aPropiedad
_xAspectos sociales.
_9129163
650 1 4 _aPurépechas (Indios)
_zMichoacán
_xVida social y costumbres.
_9127466
650 1 4 _aTenencia de la tierra
_zMichoacán.
_9132762
856 _aFinding aid
_uhttp://10.13.5.2/tesis/sist113468.pdf
_zTeclea aquí
901 _aBK
942 _cTESIS
942 _n0
999 _c109929
_d109929